Statistics for NBA players by Emoji

Click here to take the quiz!

General Stats

  • This quiz has been taken 114 times
  • The average score is 8 of 15

Answer Stats

HintPlayer% Correct
β¬›πŸKobe Bryant
94%
🐐Michael Jordan
93%
πŸ“¬Karl Malone
84%
🐍Kevin Durant
82%
🀴🏿Lebron James
82%
πŸ‘¨β€πŸ³Stephen Curry
82%
πŸ•·Donovan Mitchell
77%
πŸ’ͺShaquille O'Neal
54%
🎩🐰Magic Johnson
50%
🧀Gary Payton
43%
β„πŸ‘¨George Gervin
37%
πŸ•ΈSpud Webb
29%
πŸ‰πŸœCarmelo Anthony
23%
🍁🐍RJ Barrett
2%
😴Hakeem Olujawon
0%

Score Distribution

Percentile by Number Answered

Percent of People with Each Score

Your Score History

You have not taken this quiz